| 000 | 00696nam a2200241Ia 4500 | ||
|---|---|---|---|
| 005 | 20241129104258.0 | ||
| 008 | 241129s9999||||xx |||||||||||||| ||und|| | ||
| 020 | _a9780262046985 | ||
| 037 | _aTextual | ||
| 040 |
_aRTL _beng _cRTL |
||
| 041 |
_aeng _2eng |
||
| 084 |
_aD6,9(B) R2 _qRTL |
||
| 100 |
_aHazan Elad _9725586 |
||
| 245 | 0 |
_aIntroduction to online convex optimization _cHazan Elad |
|
| 250 | _a2nd | ||
| 260 |
_aCambridge _bMIT Press _c2022 |
||
| 300 | _axx,222p. | ||
| 365 |
_aINR _bRs. 5005.20 |
||
| 490 | _aAdaptive Computation and Machine Learning | ||
| 650 |
_aMathematical Optimization _9725587 |
||
| 942 |
_cTB _hD6,9(B) R2 |
||
| 999 |
_c1225198 _d1225198 |
||